Avila (Record no. 88073)
[ view plain ]
| 000 -LEADER | |
|---|---|
| campo de control de longitud fija | 00678nam a2200181 i 4500 |
| 001 - NÚMERO DE CONTROL | |
| campo de control | 88073 |
| 003 - IDENTIFICADOR DE NÚMERO DE CONTROL | |
| campo de control | ES-MaACL |
| 005 - FECHA Y HORA DE LA ÚLTIMA TRANSACCIÓN | |
| campo de control | 20230906175810.0 |
| 007 - CAMPO FIJO DE DESCRIPCIÓN FÍSICA--INFORMACIÓN GENERAL | |
| campo de control de longitud fija | t| |
| 008 - DATOS DE LONGITUD FIJA--INFORMACIÓN GENERAL | |
| campo de control de longitud fija | 050103s1960 sp ||||1| spa d |
| 100 1# - ENTRADA PRINCIPAL--NOMBRE DE PERSONA | |
| Nombre de persona | Labrador González, Adelina. |
| 9 (RLIN) | 69287 |
| 245 10 - MENCIÓN DEL TÍTULO | |
| Título | Avila |
| Resto del título | : fuente de inspiración para los artistas de todas las épocas / |
| Mención de responsabilidad, etc. | por Adelina Labrador González. |
| 260 ## - PUBLICACIÓN, DISTRIBUCIÓN, ETC. | |
| Lugar de publicación, distribución, etc. | Avila : |
| Nombre del editor, distribuidor, etc. | [s.n., |
| Fecha de publicación, distribución, etc. | 1960] ( |
| Fabricante | Imp. Provincial) |
| 300 ## - DESCRIPCIÓN FÍSICA | |
| Extensión | 182 p., 3 lám. : |
| Otras características físicas | il. ; |
| Dimensiones | 24 cm. |
| 500 ## - NOTA GENERAL | |
| Nota general | Precede al tít.: Diputación Provincial de Avila. Institución Gran Duque de Alba. |
| 710 00 - ENTRADA AGREGADA--NOMBRE DE ENTIDAD CORPORATIVA | |
| Nombre de entidad corporativa o nombre de jurisdicción como elemento de entrada | Institución Gran Duque de Alba. |
| 9 (RLIN) | 4723 |
| 852 ## - LOCALIZACIÓN | |
| Ubicación | ES-MaACL |
| Número de control de estantería | C-25366 |
| Sublocalización o colección | R.54225 |
| Estatus retirado | Estado de pérdida | Estado de daño | No para préstamo | Biblioteca de origen | Biblioteca actual | Ubicación en estantería | Fecha de adquisición | Fuente de adquisición | Total de préstamos | Signatura topográfica completa | Código de barras | Visto por última vez | Precio de reemplazo | Tipo de ítem Koha |
|---|---|---|---|---|---|---|---|---|---|---|---|---|---|---|
| Biblioteca del Ateneo de Madrid | Biblioteca del Ateneo de Madrid | Depósito 2 | 17/01/2008 | C-25366 | 1092001 | 23/02/2023 | 23/02/2023 | Libro impreso |
